000 00662nam a22002057a 4500
001 63058
003 BD-RjUL
005 20211209081144.0
008 170128s1956 pk ||||| |||| 00| 0 eng d
035 _a(BD-RjUL)63186
040 _aBD-RjUL
_beng
_cBD-RjUL
041 _aeng
082 _223
_a297.2
_bALF 1956
100 1 _a 'Alavi, Syed Mohammad Badruddin.
_9187590
245 _aFatalism, free will and acquisition :
_bas viewed by Muslim sects /
_cSyed Mohammad Badruddin 'Alavi.
260 _aLahore :
_bKasmiri Bazar,
_c1956.
300 _avii, 91 p. ;
_c18 cm.
650 _aFree will and determinism
_v Religious aspects
_xIslam
_9187591
942 _2ddc
_cBK
999 _c63058
_d63058